000 00661nam a2200241Ia 4500
003 OSt
005 20221005133428.0
006 a|||||r|||| 00| 0
007 ta
008 221004b |||||||| |||| 00| 0 eng d
024 _a52451
037 _cTextual
040 _aCRL
_cCRL
_beng
041 _2eng
_aeng
082 _aQ6:31, K3
100 _aFarmer H H
_9642420
245 0 _aWorld and God
_b A study of prayer,providence and miracle in christian experience
260 _c1963
490 _a(Fontana library:Theology and philosophy,).
650 _aRELIGION
942 _hQ6:31, K3
_cTEXL
_2cc
999 _c1066817
_d1066817